Up with skool (Record no. 71485)
[ view plain ]
| 000 -LEADER | |
|---|---|
| fixed length control field | 00910cam a2200229 4500 |
| 001 - CONTROL NUMBER | |
| control field | ABS66107 |
| 008 - FIXED-LENGTH DATA ELEMENTS--GENERAL INFORMATION | |
| fixed length control field | 021030n2002 000 0 eng u |
| 035 ## - SYSTEM CONTROL NUMBER | |
| System control number | (Sirsi) u120322 |
| 100 ## - MAIN ENTRY--PERSONAL NAME | |
| Personal name | Madine, V |
| 245 ## - TITLE STATEMENT | |
| Title | Up with skool |
| 260 ## - PUBLICATION, DISTRIBUTION, ETC. | |
| Date of publication, distribution, etc. | 2002 |
| 490 ## - SERIES STATEMENT | |
| Series statement | Building |
| Volume/sequential designation | 267(8254) 11 October 2002, 42-46(5) |
| 520 ## - SUMMARY, ETC. | |
| Summary, etc. | Examines the findings of Mirza & Nacey's 2002 survey of quantity surveyors' (QS) fees which shows that QSs' fees in the health and education sectors have risen more than any in other sectors. Includes average percentage fee changes for different sectors, a regional fee index, and regional and national figures for median hourly rates by job title. Tables. |
| 590 ## - LOCAL NOTE (RLIN) | |
| Local note | ABS |
| 650 ## - SUBJECT ADDED ENTRY--TOPICAL TERM | |
| Topical term or geographic name entry element | QUANTITY SURVEYORS |
| 650 ## - SUBJECT ADDED ENTRY--TOPICAL TERM | |
| Topical term or geographic name entry element | FEES |
| 650 ## - SUBJECT ADDED ENTRY--TOPICAL TERM | |
| Topical term or geographic name entry element | PUBLIC SECTOR |
| 650 ## - SUBJECT ADDED ENTRY--TOPICAL TERM | |
| Topical term or geographic name entry element | PROFESSIONAL CHARGES |
| 650 ## - SUBJECT ADDED ENTRY--TOPICAL TERM | |
| Topical term or geographic name entry element | CHARGE-OUT RATES |
| 690 ## - LOCAL SUBJECT ADDED ENTRY--TOPICAL TERM (OCLC, RLIN) | |
| Topical term or geographic name as entry element | Quantity surveying |
| 9 (RLIN) | 6263 |
| 942 ## - ADDED ENTRY ELEMENTS (KOHA) | |
| Suppress in OPAC | 0 |
| Withdrawn status | Lost status | Source of classification or shelving scheme | Damaged status | Not for loan | Home library | Current library | Shelving location | Date acquired | Total Checkouts | Full call number | Barcode | Date last seen | Copy number | Price effective from | Koha item type |
|---|---|---|---|---|---|---|---|---|---|---|---|---|---|---|---|
| Dewey Decimal Classification | London | London | Journal article | 30/10/2002 | ABS66107 | 120322-1001 | 06/08/2019 | 1 | 06/08/2019 | Journal article |